000
00308nam a22001337a 4500
008
170424b xxu||||| |||| 00| 0 eng d
020
_a
0070596611
041
_a
eng
080
_a
54
100
_a
12
101
_a
SHM
245
_a
GENERAL, ORGANIC, AND BIOLOGICAL CHEMISTRY
_c
SOLOMON, S
942
_2
udc
_c
BK
999
_c
11690
_d
11690